000 00541nam a22002057a 4500
003 OSt
020 _a9788176223409
082 _a630
_bPRA/FA
100 _aDr Parveen kumar
245 _aFarm crisis the way out
260 _aNew Delhi
_bBiotech books
_c2016
300 _axx,178
546 _aEnglish
650 _aAgriculture: The culture misunderstood
650 _aMajor issues in indian agriculture
650 _aHte helpless 2000 plus
650 _aFighting climate change
650 _aOut box solution
942 _2ddc
_cBK
999 _c155564
_d155564